00848nam a22002057a 4500999001900000005001700019010001300036020002500049035001100074037001300085082001100098100002600109245010300135246006900238260005200307270009200359300002300451942003100474952013700505 c176007d17600720201017130323.0 aUR-10892 c99.00a9789389733389 aU-9447 bDBAD/PUB a844.08 aسيد آ ل ظفر aا ر د و کے مشا ہير شعر اء ا و ر قو می يکجہتی cسيد آ ل ظفر bUrdu Ke Mashaheer Shoara Aur Qaumi Yakjehtiaby Syed Alay Zafar  aN.Delhi bEducational Publishing Housec2019 ء aH.O.D1/16,Ansari Road,Darya ganj,bN.Delhie110002k45678285,23216162l0091-11-23211540 a144 ص c22 Cm(Hb) 2ddccURh844.08mس ی د  001040708NFICaDBADbDBADd2020-10-17eDBAD/PUBg99.00l0o844.08 س ی دpU-9447r2020-10-17 00:00:00t1v99.00w2020-10-17yUR